| 000 | 00540nam a2200193Ia 4500 | ||
|---|---|---|---|
| 005 | 20250508162103.0 | ||
| 008 | 008 250505s9999 xx 000 0 eng d | ||
| 037 | _aTextual | ||
| 040 |
_aFEDL _beng _cFEDL |
||
| 041 |
_aeng _2eng |
||
| 084 |
_a302.23, CHA _qFEDL |
||
| 100 |
_aChatterjee R.K. _9694603 |
||
| 245 | 0 | _aMass communication | |
| 260 |
_aNew Delhi, India _bNational Book Trust _c1973 |
||
| 300 | _a222p. | ||
| 490 | _aIndia - The Land and People | ||
| 942 |
_cTEXL _h302.23, CHA |
||
| 999 |
_c1374298 _d1374298 |
||